1639 1197 1617 1874 1135 1953 1821 1044 1913 1052 1869 1694 1428 1183 1386 1003 1916 1663 1338 1551 1977 1435 1714 1671 1241 1234 1352 1784 1225 1245 1094 1636 1448 1542 1837 1259 1595 1611 1175 1937 1004 1528 1098 1137 1278 1935 1630 1382 1871 1865 1016 1521 1819 1921 1413 1411 1027 1774 1250 1449 1293 1902 1955 1001 1208 1533 1990 1836 1184 1803 1613 1014 1152 1767 1700 1931 1600 1917 1116 1380 1784 1548 1967 1583 1139 1749 1598 1393 1551 1152 1375 1244 1915 1529 1078 1355 1823 1636 1287 BCNSPRNW ULIB Ver.6.0+V

เปลี่ยนเป็นภาษาไทย

Change to English
 แสดงรายละเอียดบรรณานุกรม
  กลับหน้าหลัก

Brief Record : Get Marc (ISO 2709) : E-mail record : QR code < ปิดหน้าต่าง
LEADER : 00000nam 2200000uu 4500
001    13399111556
003     ULIB
008    110701s||||||||th 000 0 tha d
020    9786165150620
050  4 BQ7190^bพ319ส 2553
100 1  พระไพศาล วิสาโล
245 10 สติ มรรคาแห่งสันติ /^cพระไพศาล วิสาโล
260    กรุงเทพฯ :^bเนชั่นบุ๊คส์,^c2553
300    152 หน้า
650  7 สติ
650  7 สันติ
650  7 ธรรมะกับชีวิต
945    ^p125^l0^i027994
995    ทศพร
999 ^a ใช้งานได้ทุกระบบ
รายการนี้ยังไม่มีแท็ก
คุณยังไม่ได้ล็อกอิน คุณสามารถมีกิจกรรมร่วมกับเว็บไซต์ได้ แต่ต้องล็อกอินก่อน ::
  ล็อกอิน

รายการสื่อสารสนเทศ

ลำดับที่ ประเภท เลขเรียก/บาร์โค้ด สถานที่ สถานะ
- ไม่พบข้อมูล -

รายการใกล้เคียง
    ผู้แต่ง [พระไพศาล วิสาโล]

    หัวเรื่อง [สติ]
    หัวเรื่อง [สันติ]
    หัวเรื่อง [ธรรมะกับชีวิต]

BibComment


ยังไม่เคยถูกคอมเมนท์

คอมเมนท์ทรัพยากรรายการนี้
  คอมเมนท์: สติ มรรคาแห่งสันต..


 Copyright 2026. Bcnsprnw @Library